| 000 | 00895nam a2200289 i 4500 | ||
|---|---|---|---|
| 001 | 77469 | ||
| 003 | ES-MaACL | ||
| 005 | 20230906173227.0 | ||
| 007 | t| | ||
| 008 | 041018s2004 sp ||||1| spa d | ||
| 020 | _a84-8310-949-2 | ||
| 080 | _a327.84(470:410) | ||
| 080 | _a929 Blunt, Anthony | ||
| 100 | 1 |
_aCarter, Miranda. _935890 |
|
| 245 | 1 | 0 |
_aAnthony Blunt _b: el espía de Cambridge / _cMiranda Carter ; traducción de Antonio-Prometeo Moya. |
| 250 | _a1ª ed. | ||
| 260 |
_aBarcelona : _bTusquets, _c2004. |
||
| 300 |
_a567 p. ; _c23 cm. |
||
| 490 | 1 |
_aTiempo de memoria ; _v35 |
|
| 504 | _aBibliografía: p. 539-545. | ||
| 600 | 1 | 4 |
_aBlunt, Anthony. _929603 |
| 650 | 1 | 4 |
_aEspionaje ruso- _zGran Bretaña. _912501 |
| 700 | 1 |
_aMoya, Antonio-Prometeo. _983949 |
|
| 830 | 0 |
_aTiempo de memoria ; _v35 _9180241 |
|
| 852 |
_aES-MaACL _jL-28262 _bR.134198 |
||
| 999 |
_c77469 _d77469 |
||